000 00282nam a22001337a 4500
008 171201b xxu||||| |||| 00| 0 eng d
020 _a9780131857858
041 _aeng
080 _a51
100 _a36
101 _aMAT
245 _aLINEAR ALGEBRA
_cLEON, S.J
942 _2udc
_cBK
999 _c38692
_d38692